000 00712nam a2200241Ia 4500
003 OSt
005 20220918181446.0
006 a|||||r|||| 00| 0
007 ta
008 220917b |||||||| |||| 00| 0 eng d
024 _a27,314
037 _cTextual
040 _aARTS
_cARTS
_beng
041 _2eng
_aeng
082 _aO111,2J64,1AY:gx, K8
100 _aHalio Jay L.
_958435
245 0 _aAs you like
_b it a collection of critical essays
260 _aNew Jersey
_bPrentice Hall
_c1968
490 _a20th century interpretations ed by Maynard Mack
650 _aSHAKESPEARE, WILLIAM
942 _hO111,2J64,1AY:gx, K8
_cTEXL
_2CC
999 _c165781
_d165781